[Event "6th ch-Mediterranean"]
[Site "Antalya TUR"]
[Date "2009.01.11"]
[Round "2"]
[White "Gurevich,M1"]
[Black "Abdel Razik,K"]
[Result "1-0"]
[WhiteElo "2624"]
[BlackElo "2429"]

1.c4 c6 2.d4 d5 3.e3 Nf6 4.Bd3 e5 5.Nc3 exd4 6.exd4 dxc4 7.Bxc4 Bd6 8.Nf3 O-O
9.O-O Nbd7 10.Bg5 Qc7 11.Re1 Nb6 12.Bb3 Nfd5 13.Rc1 Be6 14.Nb5 Qb8 15.Nxd6 Qxd6
16.Bh4 Bg4 17.h3 Bxf3 18.Qxf3 Rae8 19.Bg3 Qb4 20.Re4 Rxe4 21.Qxe4 Nf6 22.Qe1 Qxd4
23.Rd1 Qe4 24.Qa5 Nc8 25.Be5 Qf5 26.Qc7 Nd5 27.Bxd5 cxd5 28.Bc3 Nb6 29.Qxb7 Qc2
30.Re1 Na4 31.Bb4 Rc8 32.Qxa7 Nxb2 33.Qd7 h6 34.Re8+ Rxe8 35.Qxe8+ Kh7 36.Qxf7 Nd3
37.Bf8 Qb1+ 38.Kh2 Qb8+ 39.g3 Qb2 40.Kg2 Qe5 41.a4 Nb4 42.a5 Na6 43.Qf3 Kg8
44.Ba3 Nc7 45.Qd3 d4 46.Bb4 Qd5+ 47.Kg1 Ne6 48.h4 Nc5 49.Qb5 d3 50.a6 d2
51.Bxd2 Qxd2 52.Qxc5 Qe1+ 53.Kh2 Qe4 54.Qc8+ Kh7 55.a7 Qf3 56.a8=Q  1-0

[Event "TCh-AUT 2nd Bundesliga Ost 2008-9"]
[Site "Austria AUT"]
[Date "2009.01.17"]
[Round "6"]
[White "Schroll,G"]
[Black "Hangweyrer,M"]
[Result "1-0"]
[WhiteElo "2430"]
[BlackElo "2338"]

1.c4 c6 2.e4 e5 3.Nf3 d6 4.d4 Bg4 5.dxe5 Bxf3 6.gxf3 dxe5 7.Qxd8+ Kxd8 8.f4 Bb4+
9.Ke2 Nd7 10.Rg1 g6 11.Bh3 Ngf6 12.fxe5 Nxe5 13.Bg5 Be7 14.Nd2 Nh5 15.Be3 c5
16.Rad1 Kc7 17.f4 Nc6 18.Nb3 Rad8 19.Bg4 Nf6 20.Bf3 b6 21.e5 Ne8 22.Rxd8 Nxd8
23.Nd2 Ne6 24.Ne4 Nd4+ 25.Bxd4 cxd4 26.Kd3 f6 27.exf6 Nxf6 28.Ng5 Bc5 29.Re1 h6
30.Ne6+ Kd6 31.Nxd4 Bxd4 32.Kxd4 g5 33.b4 gxf4 34.c5+ Kd7 35.Re2 bxc5+ 36.bxc5 Rb8
37.Ke5 Nh7 38.c6+ Kc7 39.h4 Rb4 40.Kf5  1-0

[Event "ch-BLR w"]
[Site "Minsk BLR"]
[Date "2009.01.17"]
[Round "3"]
[White "Stetsko,L"]
[Black "Ziaziulkina,N"]
[Result "1/2-1/2"]
[WhiteElo "2096"]
[BlackElo "1950"]

1.c4 c6 2.d4 d5 3.Nf3 Nf6 4.Nc3 a6 5.Bg5 Ne4 6.Bf4 Nxc3 7.bxc3 dxc4 8.g3 Nd7
9.Bg2 b5 10.Ne5 Nxe5 11.Bxe5 Bb7 12.O-O f6 13.Bf4 e6 14.e4 Qd7 15.a4 Be7
16.Qh5+ g6 17.Qh6 Bf8 18.Qh3 Bg7 19.Bh6 O-O 20.Bxg7 Kxg7 21.Rad1 Rad8 22.Rfe1 Rfe8
23.Qg4 Qc7 24.axb5 cxb5 25.h4 Qb6 26.h5 Qc7 27.e5 f5 28.Qg5 Bxg2 29.Kxg2 Qe7
30.Qe3 g5 31.Ra1 Qb7+ 32.Kh2 h6 33.Red1 Qf7 34.Kg2 Ra8 35.d5 exd5 36.Qd4 Qe6
37.Qxd5 Qxd5+ 38.Rxd5 Kf7 39.f4 g4 40.Rd6 Re6 41.Rd7+ Re7  1/2-1/2

[Event "TCh-BEL 2008-9"]
[Site "Belgium BEL"]
[Date "2009.01.18"]
[Round "7"]
[White "Ahn,M"]
[Black "Pergericht,D"]
[Result "0-1"]
[WhiteElo "2321"]
[BlackElo "2291"]

1.c4 c6 2.e4 d5 3.exd5 cxd5 4.cxd5 Nf6 5.Qa4+ Nbd7 6.Nc3 g6 7.Nf3 Bg7 8.Bc4 O-O
9.d3 a6 10.Qa3 b6 11.O-O Bb7 12.Re1 Re8 13.Ng5 Rc8 14.Be3 Ne5 15.d6 exd6
16.Bb3 Nfg4 17.Bf4 Qf6 18.g3 h6 19.Nce4 Bxe4 20.Nxe4 Nf3+ 21.Kf1 Rxe4 22.Rxe4 Nd2+
23.Kg2 Nxe4 24.dxe4 Qd4 25.Bxf7+ Kxf7 26.Qf3 Nf6 27.Rd1 Qxe4 28.Rxd6 Qxf3+
29.Kxf3 Ra8 30.Rxb6 Nd5 31.Rb7+ Kg8 32.Bd2 Rf8+ 33.Kg2 Rd8 34.Ba5 Rd6 35.a4 Bd4
36.Bd2 g5 37.b4 Bc3 38.Bxc3 Nxc3 39.b5 Nxa4 40.bxa6 Rxa6 41.f4 gxf4 42.gxf4 Nc3
43.Kf3 Nd5 44.Ke4 Nf6+ 45.Kf5 Nh5 46.Kg4 Ng7 47.h4 Rg6+ 48.Kf3 Nf5 49.Rb8+ Kh7
50.h5 Ra6 51.Rb7+ Ng7 52.Kg4 Kg8 53.Rb8+ Kf7 54.Rh8 Rf6 55.Ra8 Ne6 56.Ra7+ Kg8
57.Ra4 Kg7 58.Re4 Nf8 59.Rd4 Rf7 60.Rd6 Nd7 61.Rd4 Nf6+ 62.Kh4 Rd7 63.Ra4 Kf7
64.Ra5 Rd5 65.Ra7+ Ke6 66.Kg3 Nxh5+ 67.Kf3 Nf6 68.Ra3 Kf5 69.Re3 Ra5 70.Kg3 Nh5+
71.Kh4 Ra1 72.Rh3 Nxf4 73.Rh2 Rg1 74.Rg2 Nxg2+ 75.Kg3 Nf4+ 76.Kh2 Rg2+ 77.Kh1 Ra2  0-1

[Event "ch-PriFO"]
[Site "Kazan RUS"]
[Date "2009.01.22"]
[Round "2"]
[White "Mikhailov,Se"]
[Black "Vlasov,An"]
[Result "0-1"]
[WhiteElo "2416"]
[BlackElo "2277"]

1.c4 c6 2.d4 d5 3.Bf4 Nf6 4.e3 e6 5.Nf3 Nbd7 6.cxd5 exd5 7.Bd3 Be7 8.Nc3 O-O
9.Ne5 Re8 10.O-O Nf8 11.a3 Bd6 12.Bg3 Bxe5 13.dxe5 Ng4 14.e4 d4 15.Ne2 Ng6
16.Bb1 c5 17.Qc1 b6 18.f4 Ba6 19.Qd2 Ne3 20.Rc1 Nh4 21.Bd3 c4 22.Bxh4 Qxh4
23.Nxd4 Qxf4 24.e6 fxe6 25.Bb1 Nxg2 26.Qxf4 Nxf4 27.Re1 Rad8 28.Nf3 e5 29.Ba2 Nd3
30.Re2 Nc5 31.Nd2 Rd4 32.Rc1 Kh8 33.Bb1 h6 34.Nf3 Rd6 35.Rg2 Bb7 36.Re1 Kh7
37.Nh4 Rf6 38.Re3 Ref8 39.Nf5 g6 40.Ng3 h5 41.h4 Rd8 42.Bc2 Rf4 43.Nxh5 gxh5
44.Reg3 Rg4  0-1

[Event "Open"]
[Site "Marianske Lazne CZE"]
[Date "2009.01.22"]
[Round "6"]
[White "Hantak,A"]
[Black "Snorek,M"]
[Result "1-0"]
[WhiteElo "2112"]
[BlackElo "2169"]

1.c4 c6 2.e4 d5 3.exd5 cxd5 4.d4 Nf6 5.Nc3 e6 6.Nf3 Be7 7.cxd5 Nxd5 8.Bd3 O-O
9.O-O Nc6 10.Re1 Bf6 11.a3 b6 12.Nxd5 Qxd5 13.Be4 Qd6 14.g3 Bb7 15.Bf4 Qd7
16.Ne5 Bxe5 17.dxe5 Rfd8 18.Bg5 Qxd1 19.Raxd1 Rxd1 20.Rxd1 Na5 21.Bxb7 Nxb7
22.b4 h6 23.Be7 a5 24.Rd7 axb4 25.axb4 Rb8 26.g4 Kh7 27.h4 h5 28.f3 Kg6 29.Kf2 f6
30.exf6 gxf6 31.gxh5+ Kf5 32.h6 Na5 33.bxa5 bxa5 34.Bd8  1-0

[Event "TCh-HUN 2008-9"]
[Site "Budapest HUN"]
[Date "2009.01.25"]
[Round "6"]
[White "Kallai,G"]
[Black "Balog,I1"]
[Result "1/2-1/2"]
[WhiteElo "2462"]
[BlackElo "2423"]

1.c4 c6 2.e4 d5 3.exd5 cxd5 4.d4 Nf6 5.Nc3 g6 6.cxd5 Bg7 7.Qb3 O-O 8.Be2 Na6
9.Bf3 Qb6 10.Qxb6 axb6 11.Nge2 Nb4 12.O-O Rd8 13.Bg5 Nbxd5 14.Nxd5 Nxd5 15.Nc3 Nf6
16.Rad1 Kf8 17.Rfe1 Ra5 18.h4  1/2-1/2

[Event "Arcapita Open"]
[Site "Manama BHN"]
[Date "2009.01.26"]
[Round "3"]
[White "Kasparov,S"]
[Black "Kiss,Pa1"]
[Result "1-0"]
[WhiteElo "2488"]
[BlackElo "2389"]

1.c4 c6 2.Nf3 Nf6 3.d4 d5 4.e3 Bf5 5.Nc3 e6 6.Nh4 Be7 7.f3 Bg6 8.Qb3 Qb6
9.Nxg6 hxg6 10.Bd2 Nbd7 11.O-O-O Qxb3 12.axb3 Bd6 13.h3 Nh5 14.Bd3 Ng3 15.Rhe1 O-O
16.Kb1 a6 17.e4 dxe4 18.fxe4 e5 19.d5 c5 20.Re3 Nh5 21.g3 Rad8 22.Rf1 Nb6
23.Ref3 f6 24.Be2 g5 25.Bxg5 fxg5 26.Rxf8+ Rxf8 27.Rxf8+ Kxf8 28.Bxh5 Ke7
29.Bg4 Kd8 30.Ne2 Kc7 31.Kc2 Na8 32.Ng1 Be7 33.Nf3 Kd6 34.Bc8 b5 35.Bxa6 b4
36.Bb5 Nb6 37.Nh2 Bf6 38.Kd3 Nc8 39.Ke3 Ke7 40.Kf3 Nd6 41.Ng4 Kf7 42.Nf2 Be7
43.Nd3 Kf6 44.Nxc5  1-0

[Event "7th Gibtelecom Masters"]
[Site "Caleta ENG"]
[Date "2009.01.27"]
[Round "1"]
[White "Milov,V"]
[Black "Houska,Jo"]
[Result "1/2-1/2"]
[WhiteElo "2669"]
[BlackElo "2392"]

1.c4 c6 2.e4 d5 3.cxd5 cxd5 4.exd5 Nf6 5.Nc3 Nxd5 6.Nf3 e6 7.d4 Nxc3 8.bxc3 Qc7
9.Qc2 b6 10.Bb5+ Nd7 11.O-O a6 12.Bd3 Bb7 13.Ng5 Bd6 14.f4 Nf6 15.Bd2 Rc8
16.Rae1 h6 17.Ne4 Nxe4 18.Bxe4 O-O 19.Bxb7 Qxb7 20.f5 exf5 21.Qxf5 Rfe8 22.Qg4 Kh8
23.Bf4 Rxe1 24.Rxe1 Bxf4 25.Qxf4 Qd5 26.h3 Rxc3 27.Re8+ Kh7 28.Re5 Qd6 29.d5 b5
30.Qe4+ g6 31.Re7 Rc1+ 32.Kf2 Qf6+ 33.Kg3 Rc4 34.Qe5 Rc3+ 35.Kh2 Qxe5+ 36.Rxe5 Kg7
37.Re8 Ra3 38.d6 Rd3 39.Rd8 h5 40.d7 h4 41.Ra8 Rxd7 42.Rxa6 Rd4 43.Rb6 b4
44.Ra6 Rd2 45.Ra4 Rb2 46.a3 bxa3 47.Rxa3 f5 48.Ra4 g5 49.Ra6 Kf7 50.Kg1 Re2
51.Rb6 Re6 52.Rb5 Kf6 53.Kf2 Rd6 54.Ra5 Ke6 55.Ra3 Rd4 56.Ra5 Rd5 57.Ra3 Rd1
58.Re3+ Kf6 59.Ra3 Rd2+ 60.Kf3 Kg6 61.Ra6+ Kh5 62.Ra5 Kg6 63.Ra6+  1/2-1/2

[Event "FINEC GM"]
[Site "St Petersburg RUS"]
[Date "2009.02.01"]
[Round "6"]
[White "Abasov,N"]
[Black "Lintchevski,D"]
[Result "0-1"]
[WhiteElo "2397"]
[BlackElo "2481"]

1.c4 c6 2.e4 d5 3.exd5 cxd5 4.Nf3 Nf6 5.cxd5 Nxd5 6.Bc4 Nc6 7.O-O Nb6 8.Bb5 e6
9.d4 Be7 10.Ne5 Bd7 11.Nxc6 Bxc6 12.Bxc6+ bxc6 13.Nc3 O-O 14.b3 Nd5 15.Bb2 Nxc3
16.Bxc3 Qd5 17.Bb2 a5 18.Re1 Bd6 19.Qc2 Rfb8 20.Bc3 a4 21.bxa4 Qc4 22.Rab1 Rxb1
23.Rxb1 Rxa4 24.Qb3 h5 25.Qxc4 Rxc4 26.Rb3 e5 27.dxe5 Bxe5 28.Be1 Rc2 29.a4 Ra2
30.a5 Bc7 31.Kf1 Ra1 32.Ke2 Bxa5 33.Bxa5 Rxa5 34.Rc3 Re5+ 35.Kd3 Re6 36.f4 g6
37.Rc5 Rf6 38.Ke4 Kf8 39.g3 Ke7 40.h3 Kd6 41.Rc3 Re6+ 42.Kd4 Re1 43.Rd3 c5+
44.Kc3+ Ke6 45.Kc4 h4 46.gxh4 Rc1+ 47.Kb5 Kf5 48.h5 gxh5 49.Rd5+ Kxf4 50.Rxh5 f5
51.h4 Ke4 52.Rh8 f4 53.Re8+ Kf5 54.h5 Kg5 55.Rh8 f3 56.Rf8 Rc3 57.Rh8 f2
58.Rf8 Rc2 59.Ka4 c4 60.Kb4 Kxh5 61.Rf5+ Kg4  0-1

[Event "7th Gibtelecom Masters"]
[Site "Caleta ENG"]
[Date "2009.02.04"]
[Round "9"]
[White "Obers,F"]
[Black "Thomassen,J"]
[Result "0-1"]
[WhiteElo "2107"]
[BlackElo "2290"]

1.c4 c6 2.b3 d5 3.Bb2 Nf6 4.g3 Bg4 5.Bg2 Nbd7 6.Nf3 e6 7.O-O Bd6 8.d4 O-O
9.Ne5 Bh5 10.Nd2 Qe7 11.Re1 Rfd8 12.Qc2 Rac8 13.Rac1 c5 14.Nxd7 Qxd7 15.dxc5 Bxc5
16.Qb1 d4 17.a3 a5 18.Ne4 Nxe4 19.Bxe4 f5 20.Bg2 Kh8 21.Rcd1 b5 22.b4 axb4
23.axb4 Bxb4 24.Rxd4 Qe7 25.Rxd8+ Rxd8 26.cxb5 Bxe1 27.Qxe1 Qc5 28.Bc6 Be8
29.Qa1 Bxc6 30.Bxg7+ Kg8 31.bxc6 Qxc6 32.f3 Qd7 33.Be5 Qd1+ 34.Qxd1 Rxd1+
35.Kf2 Rd5 36.f4 Kf7 37.h3 h5 38.Kf3 Rb5 39.Bd4 Rb1 40.Bf2 Rb2 41.Bd4 Rc2
42.Be5 Ke7 43.Kf2 Kd7 44.Kf3 Ra2 45.Bd4 Kc6 46.Be5 Kd5 47.h4 Ra3+ 48.e3 Kc4
49.Bd4 Kd3 50.Bc5 Rb3 51.Bd4 Rb1 52.Be5 Rf1+ 53.Kg2 Ke2 54.Bd4 Rf2+  0-1

[Event "7th Gibtelecom Masters"]
[Site "Caleta ENG"]
[Date "2009.02.04"]
[Round "9"]
[White "Drenth,J"]
[Black "Madland,K"]
[Result "1-0"]
[WhiteElo "2140"]
[BlackElo "1992"]

1.c4 c6 2.e4 d5 3.exd5 cxd5 4.cxd5 Qxd5 5.Nc3 Qd8 6.Nf3 Nf6 7.Bc4 e6 8.O-O Be7
9.d4 O-O 10.Qe2 a6 11.a4 b6 12.Rd1 Bb7 13.Ne5 Nd5 14.Bd3 Nd7 15.Nxd5 exd5
16.Re1 Bf6 17.Ra3 g6 18.Bh6 Re8 19.f4 Bg7 20.Bxg7 Kxg7 21.Qg4 Nf6 22.Qh3 Ne4
23.Nxf7 Kxf7 24.Qxh7+ Kf8 25.Qxb7 Qf6 26.Bxe4 Qxd4+ 27.Kh1 Rab8 28.Qc7 dxe4
29.Rg3 Qd2 30.Rg1 Rbc8 31.Qxb6 Qxf4 32.Qxg6 Rc7 33.Qg8+ Ke7 34.Rg7+ Kf6 35.Rg6+  1-0

[Event "80th ch-GER"]
[Site "Saarbruecken GER"]
[Date "2009.02.06"]
[Round "1"]
[White "Strache,M"]
[Black "Boidman,Y"]
[Result "1-0"]
[WhiteElo "2218"]
[BlackElo "2415"]

1.c4 c6 2.e4 d5 3.exd5 cxd5 4.d4 e6 5.Nc3 Nf6 6.c5 b6 7.b4 Be7 8.Nf3 O-O
9.Qc2 Nc6 10.b5 Na5 11.c6 a6 12.a4 Nc4 13.Bxc4 dxc4 14.Rb1 axb5 15.axb5 Nd5
16.O-O Nb4 17.Qe2 Nd3 18.Nd1 Bf6 19.Qc2 Bxd4 20.Qxc4 Nxc1 21.Rxc1 e5 22.Nxd4 exd4
23.Nb2 Be6 24.Qb4 Qg5 25.f4 Qf5 26.Na4 Ra5 27.Qxd4 Qxb5 28.Nxb6 Ra6 29.f5 Bxf5
30.Nd5 Be6 31.Nc7 Qa4 32.Qxa4 Rxa4 33.Nxe6 Rc8 34.Nc5 Ra7 35.Nb7 Ra6 36.Rfd1  1-0

[Event "FSGM February"]
[Site "Budapest HUN"]
[Date "2009.02.08"]
[Round "2"]
[White "Paschall,W"]
[Black "Ludwig,Dan"]
[Result "1/2-1/2"]
[WhiteElo "2354"]
[BlackElo "2421"]

1.c4 c6 2.e4 d5 3.exd5 cxd5 4.cxd5 Nf6 5.Nc3 g6 6.Bb5+ Nbd7 7.d4 Bg7 8.d6 e6
9.Nf3 O-O 10.O-O a6 11.Bd3 b5 12.Re1 Bb7 13.Bf4 Qb6 14.Ne4 Nxe4 15.Bxe4 Bxe4
16.Rxe4 Nf6 17.Re2 Rfd8 18.Rc1 Nd5 19.Be5 Bf8 20.Rec2 Bxd6 21.Rc6 Qb8 22.Qd2 Bxe5
23.dxe5 Ne7 24.Rd6 Nf5 25.Rd7 Rxd7 26.Qxd7 Qd8 27.Rc7 Qxd7 28.Rxd7 h5 29.h4 Rc8
30.g3 Rc2 31.Ng5 Nh6 32.Ne4 Rxb2 33.Nf6+ Kg7 34.Rd8 Rxa2 35.Ne8+ Kf8 36.Nf6+ Kg7
37.Ne8+  1/2-1/2

[Event "FSIM February"]
[Site "Budapest HUN"]
[Date "2009.02.09"]
[Round "3"]
[White "Cox,Tr"]
[Black "Bacso,G"]
[Result "1-0"]
[WhiteElo "2131"]
[BlackElo "2123"]

1.c4 c6 2.Nf3 d5 3.b3 Bg4 4.g3 Bxf3 5.exf3 e6 6.Bg2 Nf6 7.O-O Be7 8.d4 O-O
9.Nc3 Nbd7 10.Bb2 dxc4 11.bxc4 Nb6 12.Qb3 Qc7 13.Rfd1 Rfd8 14.Rac1 Rac8 15.f4 Qb8
16.a4 Nbd7 17.a5 c5 18.Qxb7 cxd4 19.Nb5 Qxb7 20.Bxb7 Rb8 21.a6 Nc5 22.Nxa7 Nxb7
23.Nc6 Na5 24.Nxe7+ Kf8 25.Ba3 Rb3 26.Nc6+ Rxa3 27.Nxd8 Ke7 28.Rxd4 Nd7 29.Rcd1 Nc5
30.a7  1-0

[Event "80th ch-GER"]
[Site "Saarbruecken GER"]
[Date "2009.02.13"]
[Round "8"]
[White "Braun,A"]
[Black "Buhmann,R"]
[Result "1-0"]
[WhiteElo "2558"]
[BlackElo "2565"]

1.c4 c6 2.e4 d5 3.exd5 Nf6 4.d4 cxd5 5.Nc3 e6 6.Nf3 Bb4 7.cxd5 Nxd5 8.Bd2 Nd7
9.Bd3 N7f6 10.O-O Be7 11.Ne5 O-O 12.Bg5 Bd7 13.Qf3 Bc6 14.Qh3 g6 15.Rad1 Rc8
16.Rfe1 Nh5 17.Bh6 Ndf4 18.Qg4 Nxd3 19.Rxd3 Ng7 20.Qf4 Bd5 21.Rh3 g5 22.Qd2 f6
23.Qd3 fxe5 24.Bxg7 e4 25.Nxe4 Kxg7 26.Rxh7+ Kxh7 27.Nxg5+ Kh6 28.Qh7+ Kxg5
29.Qg7+ Kh5 30.g4+ Kh4 31.Qh6+ Kxg4 32.h3+ Kf5 33.Re5+  1-0

[Event "80th ch-GER"]
[Site "Saarbruecken GER"]
[Date "2009.02.13"]
[Round "8"]
[White "Wichmann,C"]
[Black "Boidman,Y"]
[Result "1/2-1/2"]
[WhiteElo "2389"]
[BlackElo "2415"]

1.c4 c6 2.e4 e5 3.Nf3 d6 4.d4 Nd7 5.Nc3 Ngf6 6.Be2 Be7 7.O-O O-O 8.Re1 Qc7
9.Bf1 a6 10.a3 Re8 11.h3 Bf8 12.Qc2 g6 13.Be3 Bg7 14.Rad1 b5 15.dxe5 dxe5
16.Rd2 Nb6 17.Bc5 Bf8 18.Bxf8 Kxf8 19.c5 Nbd7 20.b4 a5 21.Red1 Kg7 22.Qb2 Re7
23.Rd6 Bb7 24.Bd3 Qb8 25.Bc2 axb4 26.axb4 Qa7 27.Nb1 Qa1 28.Qb3 Nf8 29.Nbd2 Qa3
30.Qb1 Ne6 31.Rd3 Qa2 32.Qxa2 Rxa2 33.Bb3 Ra3 34.Nb1 Ra1 35.Bxe6 Rxe6 36.Nfd2 Re8
37.Nb3 Ra4 38.Na5 Re7 39.Rd8 Nxe4 40.Rb8 Nxc5 41.Rc1 Nd3 42.Rd1 Nb2 43.Re1 Rxa5
44.bxa5 Nc4 45.Nc3 Nxa5 46.Ne4 c5 47.Nxc5 Bc6 48.Nd3 Nc4 49.Nb4 Bb7 50.Ra1 Rd7
51.Kh2 Kf6 52.Ra7 Nd6 53.Na6 Bc8 54.Rxd7 Bxd7 55.Nc7 e4  1/2-1/2

[Event "Tancats de la Societat Coral C IM"]
[Site "Sabadell ESP"]
[Date "2009.02.13"]
[Round "4"]
[White "Pares Vives,N"]
[Black "Avila Jimenez,J"]
[Result "1-0"]
[WhiteElo "2288"]
[BlackElo "2221"]

1.c4 c6 2.e4 e5 3.Nf3 Qa5 4.Be2 Nf6 5.Qc2 Na6 6.Nc3 Bb4 7.O-O O-O 8.a3 Re8
9.Na4 Bf8 10.b4 Qd8 11.Bb2 d6 12.d3 Nc7 13.Rfe1 Ne6 14.Bf1 Nh5 15.d4 Ng5
16.Nxg5 Qxg5 17.Rad1 Nf4 18.Bc1 Qh5 19.Nc3 a5 20.Bxf4 exf4 21.f3 Re6 22.Qd2 g5
23.h3 axb4 24.axb4 Rh6 25.Ra1 Rxa1 26.Rxa1 Bxh3 27.gxh3 Qxf3 28.Bg2 Qg3 29.Ne2 Qh4
30.Qd3 Rf6 31.e5 dxe5 32.dxe5 Re6 33.Nd4 Re8 34.Nf3 Qg3 35.Qd7 Re6 36.Qd8 Kg7
37.Ra8 Bxb4 38.Qg8+ Kh6 39.Qxf7 Bc5+ 40.Kh1 Re7 41.Qf6+ Kh5 42.Rg8  1-0

[Event "US Amateur Team-ch East"]
[Site "Parsipanny USA"]
[Date "2009.02.15"]
[Round "3"]
[White "Yeliseyev,I"]
[Black "Miller,Da"]
[Result "0-1"]
[WhiteElo "2147"]
[BlackElo "2241"]

1.c4 c6 2.d4 d5 3.Bg5 dxc4 4.Qd2 h6 5.Bh4 g5 6.Bg3 Bg7 7.e3 Be6 8.a4 c5 9.Be5 Bxe5
10.dxe5 Nc6 11.Qc3 Qd5 12.f4 gxf4 13.exf4 Qe4+ 14.Kf2 O-O-O 15.g3 Qxh1 16.Nf3 Bg4
17.Nbd2 e6 18.Rc1 Rxd2+ 19.Nxd2 Qxh2+ 20.Ke1 Nge7 21.Nxc4 Nd4 22.Nd2 Kb8
23.b4 Re8 24.b5 Nd5 25.Qa3 Nf3+ 26.Nxf3 Qxg3+  0-1

[Event "US Amateur Team-ch East"]
[Site "Parsipanny USA"]
[Date "2009.02.16"]
[Round "6"]
[White "Yeliseyev,I"]
[Black "Zaremba,An"]
[Result "0-1"]
[WhiteElo "2147"]
[BlackElo "2343"]

1.c4 c6 2.d4 d5 3.Nc3 Nf6 4.Nf3 dxc4 5.a4 Bf5 6.e3 e6 7.Bxc4 Bb4 8.O-O O-O
9.Nh4 Bg6 10.f3 Nbd7 11.e4 e5 12.Be3 Ng4 13.Nf5 Nxe3 14.Nxe3 exd4 15.Qxd4 Bc5
16.Qd2 Ne5  0-1

[Event "ch-VIE Stage1"]
[Site "Ha Noi VIE"]
[Date "2009.02.18"]
[Round "5"]
[White "Tran Manh Tien"]
[Black "Nguyen Thanh Son"]
[Result "1/2-1/2"]
[WhiteElo "2256"]
[BlackElo "2362"]

1.c4 c6 2.d4 d5 3.Nf3 Nf6 4.Nc3 e6 5.Bg5 Bb4 6.Qb3 Qa5 7.Bxf6 dxc4 8.Qxc4 gxf6
9.e4 Rg8 10.a3 Be7 11.O-O-O b5 12.Qb3 Nd7 13.Kb1 b4 14.axb4 Bxb4 15.Nd2 Rb8
16.Nc4 Qc7 17.d5 Kf8 18.Qc2 Ne5 19.Nxe5 Qxe5 20.f4 Qxf4 21.dxc6 Kg7 22.Bd3 Qe5
23.Na4 Ba5 24.Rhf1 Rd8 25.Rf3 Bc7 26.Rdf1 Qd4 27.Rxf6 Rf8 28.R6f3 Be5 29.Ka2 Rb4
30.b3 f6 31.Bc4 Rd8 32.c7 Qd2 33.R1f2 Qxc2+ 34.Rxc2 Bxc7 35.Nc5 Be5 36.Nd3 Rb6
37.Nxe5 fxe5 38.Rcf2 Rb7 39.Rg3+ Kh8 40.Rg5 Rbd7 41.Ka3 Rd2 42.Rf7 R2d7 43.Rgg7 Rxf7
44.Rxf7 Bd7 45.g4 a5 46.g5 Bc6 47.Bxe6 Bxe4 48.Ra7 h6 49.Rxa5 Re8 50.Bg4 hxg5
51.Be2 Kg7 52.Ra4 Bd5 53.h4 Rb8 54.Bd1 gxh4 55.Rxh4 Kf6 56.Bc2 Re8 57.Kb4 Rc8
58.Rh2 Kg5 59.Rf2 Bf3 60.Rxf3 Rxc2 61.Rf8 e4 62.Ka5 Rc5+ 63.Kb4 Rc7 64.Kb5 Rb7+
65.Kc4 Re7 66.Rf1 Kg4 67.b4 e3 68.b5 e2 69.Re1 Rc7+ 70.Kd5  1/2-1/2

[Event "58th ch-BUL w"]
[Site "Dupnitsa BUL"]
[Date "2009.02.19"]
[Round "8"]
[White "Chilingirova,P"]
[Black "Voiska,M"]
[Result "1/2-1/2"]
[WhiteElo "2155"]
[BlackElo "2339"]

1.c4 c6 2.d4 d5 3.cxd5 cxd5 4.Nc3 Nf6 5.Nf3 Nc6 6.Bf4 a6 7.e3 Bf5 8.Bd3 Bxd3
9.Qxd3 e6 10.O-O Rc8 11.Rac1 Be7 12.h3 O-O 13.a3 b5 14.Na2 Qb6 15.Ne5 Nxe5
16.Bxe5 Nd7 17.Bg3 h6 18.Rxc8 Rxc8 19.Rc1 Rxc1+ 20.Nxc1 Bd6 21.Bxd6 Qxd6
22.Qc3 Nb6 23.Nd3 Nc4 24.Qb4 Qc7 25.Qc3 Qb6 26.Qb4 Qc7 27.Nc5 Qc6 28.Nd3 g6
29.Qc3 Qb6 30.b4 Kg7 31.Nc5 h5 32.h4  1/2-1/2

[Event "ch-VIE Stage1"]
[Site "Ha Noi VIE"]
[Date "2009.02.19"]
[Round "6"]
[White "Tu Hoang Thai"]
[Black "Ngo Ngoc Quang"]
[Result "1/2-1/2"]
[WhiteElo "2412"]
[BlackElo "2275"]

1.c4 c6 2.g3 d5 3.Bg2 Nf6 4.Nf3 g6 5.d4 Bg7 6.O-O O-O 7.Nbd2 Nbd7 8.Qc2 b5
9.cxb5 cxb5 10.Nb3 Bb7 11.Bd2 Rc8 12.Qd3 Qb6 13.Ba5 Qd6 14.Rfc1 a6 15.e3 Ne4
16.a3 Bf6 17.Nfd2 Nxd2 18.Qxd2 Qb8 19.Bf1 Rxc1 20.Rxc1 Rc8 21.f4 Rxc1 22.Qxc1 Qc8
23.Qxc8+ Bxc8 24.Bc7 Kf8 25.Kf2 Ke8 26.Ke1 e6 27.Kd2 Bd8 28.Bd6 Nb6  1/2-1/2

[Event "2nd Pfalz Open"]
[Site "Neustadt an der Weinstrasse GER"]
[Date "2009.02.21"]
[Round "8"]
[White "Malakhatko,V"]
[Black "Hoffmann,Micha1"]
[Result "1-0"]
[WhiteElo "2610"]
[BlackElo "2474"]

1.c4 c6 2.Nf3 Nf6 3.Nc3 d5 4.e3 e6 5.Qc2 Nbd7 6.b3 b6 7.cxd5 exd5 8.Bb2 Bb7
9.Ne2 c5 10.Rc1 g6 11.h4 Bd6 12.h5 Qe7 13.hxg6 fxg6 14.d4 O-O 15.Nc3 Rac8
16.Bd3 cxd4 17.Nxd4 Ng4 18.Bxg6 Rxf2 19.Bxh7+ Kf8 20.Qxf2+ Nxf2 21.Kxf2 Be5
22.Rh3 Bxd4 23.exd4 Nf6 24.Bf5 Re8 25.Rf3 Kf7 26.Rh1 Rf8 27.Nb1 Qb4 28.Rh4 Re8
29.Bc3 Qd6 30.Bd2 Ba6 31.Nc3 Rf8 32.Bg5 Ke8 33.Rh6 Qb4 34.Rxf6 Rxf6 35.Bxf6 Qa3
36.Nxd5 Qxa2+ 37.Kg3 Bb7 38.Be6 Qc2 39.Re3 Kf8 40.Bg5 Qg6 41.Kf4  1-0

[Event "ch-VIE KO Places"]
[Site "Ha Noi VIE"]
[Date "2009.02.24"]
[Round "1.2"]
[White "Tran Manh Tien"]
[Black "Nguyen Duc Hoa"]
[Result "0-1"]
[WhiteElo "2256"]
[BlackElo "2342"]

1.c4 c6 2.Nf3 d5 3.e3 g6 4.d4 Bg7 5.Nc3 Nf6 6.Be2 O-O 7.O-O Bg4 8.Qb3 Qb6
9.h3 Bxf3 10.Bxf3 dxc4 11.Qxc4 e5 12.Rd1 Nbd7 13.a4 a5 14.Ra3 Qb4 15.Qe2 Rab8
16.Qc2 Rfd8 17.Bd2 Qc4 18.Qb3 Qa6 19.Qc2 Qa7 20.Rb3 exd4 21.exd4 Qxd4 22.Be3 Qc4
23.Be2 Qe6 24.Ba7 Rbc8 25.Rxb7 Bf8 26.b3 Nd5 27.Ne4 Ne5 28.Bd4 Nf4 29.Ng5 Qd5
30.Bf1 h6 31.Ne4 Nxh3+ 32.Kh2 Bg7 33.Kxh3 Qe6+ 34.Kh2 Ng4+ 35.Kg1 Bxd4 36.Bc4 Qxe4
37.Bxf7+ Kh8  0-1

[Event "Spring"]
[Site "Mukachevo UKR"]
[Date "2009.02.24"]
[Round "3"]
[White "Sevostianov,P"]
[Black "Karalkin,M"]
[Result "1/2-1/2"]
[WhiteElo "2257"]
[BlackElo "2190"]

1.c4 c6 2.Nf3 d5 3.Qc2 Nf6 4.g3 Bg4 5.Bg2 e6 6.O-O Nbd7 7.d3 Bd6 8.Nbd2 O-O
9.b3 Qe7 10.Bb2 Ba3 11.Qc1 Bxb2 12.Qxb2 Bh5 13.Rac1 a5 14.a3 Rfd8 15.d4 Bxf3
16.Nxf3 b5 17.cxd5 cxd5 18.Rc6 Rdc8 19.Rfc1 Rxc6 20.Rxc6 Qf8 21.Ne5 Rc8 22.Qc1 Rxc6
23.Nxc6 a4 24.b4 g6 25.Qf4 Ne8 26.e4 Qd6 27.exd5 exd5 28.Bxd5 Qxf4 29.gxf4 Nb6
30.Ba2 Nd6 31.Kf1 Nbc4 32.Ke2 Nxa3 33.Kd3 Nac4 34.d5 Kf8 35.Kd4 Na3 36.f3 Ke8
37.Kc5 Kd7 38.Ne5+ Kc7  1/2-1/2

[Event "81st ch-StP"]
[Site "St Petersburg RUS"]
[Date "2009.02.28"]
[Round "12"]
[White "Kosov,Iv"]
[Black "Goganov,A"]
[Result "0-1"]
[WhiteElo "2383"]
[BlackElo "2385"]

1.c4 c6 2.e4 d5 3.exd5 cxd5 4.d4 Nf6 5.Nc3 Nc6 6.Nf3 Bg4 7.cxd5 Nxd5 8.Qb3 Bxf3
9.gxf3 e6 10.Qxb7 Nxd4 11.Bb5+ Nxb5 12.Qc6+ Ke7 13.Qxb5 Qd7 14.Nxd5+ Qxd5
15.Qxd5 exd5 16.Bg5+ f6 17.Be3 Ke6 18.O-O-O Bb4 19.Rhg1 g6 20.Rg4 Rhc8+ 21.Kb1 Bc5
22.Ra4 Bxe3 23.fxe3 a5 24.Rc1 Rxc1+ 25.Kxc1 Rc8+ 26.Kd2 Rc5 27.Rd4 g5 28.a3 Ke5
29.b4 axb4 30.Rxb4 h6 31.a4 Ra5 32.Kc3 Ra8 33.Kb3 f5 34.f4+ Kd6 35.Rb6+ Kc5
36.Rb5+ Kc6 37.Kb4 Re8 38.Rc5+ Kd6 39.Rc3 Rb8+ 40.Ka3 gxf4 41.exf4 Re8 42.Kb4 Rb8+
43.Ka3 Ra8 44.Rh3 d4 45.Rxh6+ Kd5 46.Rf6 Ke4 47.Rd6 d3 48.Kb4 Ke3 49.a5 d2
50.h4 Re8 51.a6 Ke2 52.Kb5  0-1

[Event "25th Open"]
[Site "Cappelle la Grande FRA"]
[Date "2009.03.03"]
[Round "5"]
[White "Heberla,B"]
[Black "Burmakin,V"]
[Result "1/2-1/2"]
[WhiteElo "2500"]
[BlackElo "2623"]

1.c4 c6 2.Nf3 d5 3.d4 Nf6 4.Nc3 e6 5.cxd5 exd5 6.Bg5 Be7 7.Qc2 g6 8.e3 Bf5
9.Bd3 Bxd3 10.Qxd3 Nbd7 11.O-O  1/2-1/2

[Event "25th Open"]
[Site "Cappelle la Grande FRA"]
[Date "2009.03.05"]
[Round "7"]
[White "Jaracz,P"]
[Black "Vazquez Igarza,R"]
[Result "1/2-1/2"]
[WhiteElo "2518"]
[BlackElo "2558"]

1.c4 c6 2.Nf3 Nf6 3.Nc3 d5 4.e3 e6 5.b3 a6 6.Be2 Bd6 7.d4 b5 8.O-O O-O 9.Qc2 Nbd7
10.e4 dxe4 11.Nxe4  1/2-1/2

[Event "TCh-AUT 2nd Bundesliga West 2008-9"]
[Site "Austria AUT"]
[Date "2009.03.06"]
[Round "9"]
[White "Szakolczai,P"]
[Black "Dovzik,J"]
[Result "1/2-1/2"]
[WhiteElo "2263"]
[BlackElo "2374"]

1.c4 c6 2.e4 d5 3.exd5 cxd5 4.cxd5 Nf6 5.Nc3 g6 6.Nf3 Bg7 7.Bb5+ Nbd7 8.O-O O-O
9.d4 Nb6 10.Ne5 Nfxd5 11.Re1 Bf5 12.Qb3 Rc8 13.Bd2 Be6 14.Qd1 Nc7 15.Be3 Nxb5
16.Nxb5 a6 17.Nc3 Nd5 18.Bd2 Nb6 19.Bf4 Nc4 20.d5 Bf5 21.Qe2 Nxe5 22.Bxe5 f6
23.Bg3 Re8  1/2-1/2

[Event "TCh-NED 2008-9"]
[Site "Netherlands NED"]
[Date "2009.03.07"]
[Round "6"]
[White "Schebler,G"]
[Black "Saltaev,M"]
[Result "1/2-1/2"]
[WhiteElo "2453"]
[BlackElo "2484"]

1.c4 c6 2.g3 d5 3.Bg2 Nf6 4.Nf3 g6 5.b3 Bg7 6.Bb2 O-O 7.O-O Bg4 8.d3 Qc8
9.Nbd2 Bh3 10.Qc2 Bxg2 11.Kxg2 Na6 12.Rac1 Rd8 13.a3 c5 14.Rfe1 Qe6 15.Be5 Bh6
16.Ba1 Rac8 17.cxd5 Nxd5 18.Qc4 f6 19.Rc2 Rc6 20.Qh4 Bxd2 21.Nxd2 Ndc7 22.Qc4 Qf7
23.Rec1 Ne6 24.Nf3 Rb6 25.Rb1 Nac7 26.b4 Nb5 27.Qa2 Ned4 28.Nxd4 cxd4 29.a4 Qxa2
30.Rxa2 Nc3 31.Bxc3 dxc3 32.a5 Rb5 33.Rc2 Rd4  1/2-1/2